| 000 | 01961nam0a2200349 4500 | ||
|---|---|---|---|
| 001 | RU\NLR\bibl\1881228 | ||
| 005 | 20260405170738.0 | ||
| 010 |
_a978-5-7526-0503-1 _bв пер. _9100 |
||
| 021 |
_aRU _b2012-14431 _91084 |
||
| 035 | _a(nilc)LIBNET\0000212687 | ||
| 035 | _a(NLR Aleph) 001870999 | ||
| 090 |
_a2661183 _c2661183 |
||
| 100 | _a20120222d2011 |||y0rusy50 ca | ||
| 101 | 0 | _arus | |
| 102 | _aRU | ||
| 105 | _aa ||||||||| | ||
| 200 | 1 |
_aПрограммирование на языке высокого уровня Borland Pascal _eучебное пособие для студентов вузов по направлению 230100 "Информатика и вычислительная техника" _fБ. А. Якимович, А. И. Коршунов _gМ-во образования и науки Рос. Федерации, Федерал. гос. бюджет. образоват. учреждение высш. проф. образования "Ижев. гос. тех. ун-т" |
|
| 210 |
_aИжевск _cИзд-во ИжГТУ _d2011 |
||
| 215 |
_a230 с. _cил. _d21 |
||
| 320 | _aБиблиогр.: с. 230 (10 назв.) | ||
| 606 | 1 |
_aBORLAND PASCAL, система программирования _jУчебные издания для высших учебных заведений _92203440 _3RU\NLR\auth\661323963 |
|
| 686 |
_a32.973 _vLBC/RL _2rubbk |
||
| 686 | _aЗ973.23-018.1я73-1 | ||
| 700 | 1 |
_4070 _8rus _7ca _aЯкимович _bБ. А. _f1952- _gБорис Анатольевич _3RU\NLR\auth\7772452 _955380 |
|
| 701 | 1 |
_4070 _8rus _7ca _aКоршунов _bА. И. _cд-р техн. наук, машиностроение _gАлександр Иванович _3RU\NLR\auth\7772484 _955412 |
|
| 801 | 0 |
_aRU _bНБР Удмуртия _c20120222 _grcr |
|
| 801 | 1 |
_aRU _bНБР Удмуртия _c20120222 _grcr _2rusmarc |
|
| 801 | 2 |
_aRU _bNLR _c20120316 _grcr |
|
| 942 | _cBOOK | ||
| 980 | _aNB | ||
| 980 | _aNBR | ||